00691nam a2200241 a 4500001001300000003000900013005001700022008004100039020001000080082001800090100002500108245001700133260004500150300000900195500003500204505002400239650001600263700002500279902000800304942000700312952011500319999001500434nice12345678IN_TiNIC20260116012854.0050524s0000 laha grp 000 0 urd  ac0.500a891.4391bZAU aZauq, Shaikh Ibrahim aDiwan-E-Zauq aLahorebShaikh Ghulam Ali and Sonsc0000 a120p aincludes index and biblioraphy2 aBibliography, Index aUrdu-Poetry1 aZauq, Shaikh Ibrahim bSRS cBK 001040708StackRoom-aHMIbHMId2007-05-31g0.50l0o891.4391 ZAUp010741r2007-05-31v0.50w2005-05-24yBK c8727d8727